[Event "Pavlodar op"]
[Site "Pavlodar"]
[Date "2013.12.10"]
[Round "1"]
[White "Ospanov, Nazar"]
[Black "Kydyrgaliyev, Meiirman"]
[Result "1-0"]
[WhiteElo "2269"]
[BlackElo "1795"]
[PlyCount "53"]
[EventDate "2013.12.10"]
[EventType "swiss"]
[EventRounds "10"]
[EventCountry "KAZ"]
[SourceTitle "CBM 158 Extra"]
[Source "ChessBase"]
[SourceDate "2014.02.28"]
[SourceVersion "1"]
[SourceVersionDate "2014.02.28"]
[SourceQuality "1"]

1. e4 c5 2. Nf3 d6 3. c3 Nf6 4. Be2 Nc6 5. d4 cxd4 6. cxd4 Nxe4 7. d5 Qa5+ 8. Nc3 Nb8 9. 0-0 Nf6 10. Bg5 Nbd7 11. Re1 g6 12. b4 Qd8 13. Nb5 a6 14. Nxd6+ exd6 15. Bb5+ Be7 16. Bxf6 axb5 17. Bxe7 Qxe7 18. Rxe7+ Kxe7 19. Qe2+ Kf8 20. Re1 Kg7 21. Ng5 Rf8 22. Qb2+ Kg8 23. Re7 Nb6 24. Qd4 Rxa2 25. f4 Ra6 26. Ne4 Nd7 27. Rxd7 1-0

[Event "KAZ-ch"]
[Site "Astana"]
[Date "2011.05.??"]
[Round "7"]
[White "Ospanov, Nazar"]
[Black "Kotsur, Pavel"]
[Result "1/2-1/2"]
[WhiteElo "2234"]
[BlackElo "2562"]
[PlyCount "31"]
[EventDate "2011.05.??"]
[EventType "tourn"]
[EventRounds "13"]
[EventCountry "KAZ"]
[EventCategory "6"]
[SourceTitle "CBM 142 Extra"]
[Source "ChessBase"]
[SourceDate "2011.06.27"]
[SourceVersion "1"]
[SourceVersionDate "2011.06.27"]
[SourceQuality "1"]

1. e4 c5 2. Nf3 Nc6 3. Nc3 e6 4. d4 cxd4 5. Nxd4 a6 6. Be2 Qc7 7. 0-0 Nf6 8. Be3 Be7 9. f4 d6 10. Bf3 0-0 11. a4 Na5 12. Kh1 Nc4 13. Bc1 e5 14. Nf5 Rd8 15. Nxe7+ Qxe7 16. Qe2 1/2-1/2

[Event "Pavlodar op"]
[Site "Pavlodar"]
[Date "2010.12.07"]
[Round "8"]
[White "Ospanov, Nazar"]
[Black "Ibrayev, Nurlan"]
[Result "1-0"]
[WhiteElo "2227"]
[BlackElo "2407"]
[PlyCount "113"]
[EventDate "2010.11.30"]
[EventType "swiss"]
[EventRounds "10"]
[EventCountry "KAZ"]
[SourceTitle "EXT 2012"]
[Source "ChessBase"]
[SourceDate "2011.11.24"]
[SourceVersion "1"]
[SourceVersionDate "2011.11.24"]
[SourceQuality "1"]

1. e4 c5 2. c3 Nf6 3. e5 Nd5 4. Nf3 e6 5. d4 cxd4 6. cxd4 b6 7. Nc3 Nxc3 8. bxc3 Qc7 9. Bd2 Be7 10. Bd3 Ba6 11. Qe2 Bxd3 12. Qxd3 d5 13. exd6 Qxd6 14. Ne5 0-0 15. Qf3 Qd5 16. Qxd5 exd5 17. a4 Bd6 18. Nd3 Re8+ 19. Kd1 Nc6 20. Re1 Rxe1+ 21. Nxe1 f6 22. Rb1 Kf7 23. h4 Ke6 24. g3 Rc8 25. Ng2 Na5 26. Kc2 Nc4 27. Rb3 Kf5 28. Kd3 Kg4 29. Be3 Kh3 30. Ne1 Be7 31. Nc2 g5 32. Rb1 Kg4 33. hxg5 fxg5 34. Rh1 h5 35. f3+ Kxf3 36. Rxh5 Nb2+ 37. Kd2 Nxa4 38. Rh7 Rc7 39. Rf7+ Kxg3 40. Bf2+ Kh3 41. Ne3 Bd6 42. Rf6 Rh7 43. Rxd6 Nb2 44. Rxd5 Rf7 45. Ke2 Rg7 46. Rd6 Rh7 47. Rg6 Rh5 48. d5 Na4 49. c4 Nc5 50. Rf6 Ne4 51. Rg6 Rh7 52. Re6 Nc5 53. Re5 Rf7 54. Re8 Rh7 55. d6 Nb7 56. d7 g4 57. Rb8 1-0

[Event "Pavlodar op"]
[Site "Pavlodar"]
[Date "2010.12.05"]
[Round "6"]
[White "Ospanov, Nazar"]
[Black "Uteshev, Arsen"]
[Result "1-0"]
[WhiteElo "2227"]
[BlackElo "2113"]
[PlyCount "75"]
[EventDate "2010.11.30"]
[EventType "swiss"]
[EventRounds "10"]
[EventCountry "KAZ"]
[SourceTitle "EXT 2012"]
[Source "ChessBase"]
[SourceDate "2011.11.24"]
[SourceVersion "1"]
[SourceVersionDate "2011.11.24"]
[SourceQuality "1"]

1. c4 c5 2. Nf3 Nc6 3. g3 g6 4. Bg2 Bg7 5. 0-0 d6 6. Nc3 e5 7. a3 Nge7 8. Rb1 a5 9. d3 0-0 10. Ne1 Be6 11. Nc2 d5 12. cxd5 Nxd5 13. Ne3 Nce7 14. Ne4 Rc8 15. Ng5 Nxe3 16. fxe3 Ba2 17. Ra1 Bd5 18. e4 Bc6 19. Be3 h6 20. Nh3 Bd7 21. Qc1 Nc6 22. Qd1 b6 23. Nf2 Be6 24. Bh3 Qd7 25. Bxe6 Qxe6 26. Qa4 Rfd8 27. Nd1 Nd4 28. Nc3 b5 29. Nxb5 Nxe2+ 30. Kf2 Nd4 31. Nxd4 exd4 32. Bd2 c4 33. dxc4 Rxc4 34. Qxa5 Rdc8 35. Qd5 Rc2 36. Qxe6 fxe6 37. Ke2 d3+ 38. Kxd3 1-0

[Event "Pavlodar op"]
[Site "Pavlodar"]
[Date "2008.12.??"]
[Round "8"]
[White "Ospanov, Nazar"]
[Black "Nukin, Tolegen"]
[Result "0-1"]
[WhiteElo "2112"]
[BlackElo "2269"]
[PlyCount "63"]
[EventDate "2008.12.??"]
[EventType "swiss"]
[EventRounds "11"]
[EventCountry "KAZ"]
[SourceTitle "EXT 2010"]
[Source "ChessBase"]
[SourceDate "2010.11.25"]
[SourceVersion "1"]
[SourceVersionDate "2010.11.25"]
[SourceQuality "1"]

1. e4 e5 2. f4 exf4 3. Nf3 d6 4. Bc4 h6 5. 0-0 g5 6. c3 Bg7 7. Qb3 Qe7 8. d4 c6 9. a4 Nd7 10. h4 Nb6 11. Na3 Nxc4 12. Nxc4 Be6 13. d5 cxd5 14. exd5 Bxd5 15. Re1 Be6 16. hxg5 hxg5 17. Qb5+ Kf8 18. Nxg5 d5 19. Bxf4 Rd8 20. Ne3 Nh6 21. Rad1 Qd7 22. Qc5+ Kg8 23. Nxd5 Bxd5 24. Rxd5 Qxd5 25. Re8+ Rxe8 26. Qxd5 Bf6 27. Ne4 Bd8 28. Bg5 Bb6+ 29. Kf1 Ng4 30. Qf5 Rh1+ 31. Ke2 Nf2 32. Bf6 0-1

[Event "Pavlodar op"]
[Site "Pavlodar"]
[Date "2007.12.21"]
[Round "8"]
[White "Grebenschikov, Vladimir"]
[Black "Ospanov, Nazar"]
[Result "1-0"]
[WhiteElo "2307"]
[BlackElo "2130"]
[PlyCount "52"]
[EventDate "2007.12.16"]
[EventType "swiss"]
[EventRounds "11"]
[EventCountry "KAZ"]
[SourceTitle "CBM 122 Extra"]
[Source "ChessBase"]
[SourceDate "2008.03.04"]
[SourceVersion "1"]
[SourceVersionDate "2008.03.04"]
[SourceQuality "1"]

1. d4 d5 2. c4 c6 3. Nc3 Nf6 4. Nf3 e6 5. Bg5 dxc4 6. e4 b5 7. e5 h6 8. Bh4 g5 9. Nxg5 hxg5 10. Bxg5 Nbd7 11. exf6 Bb7 12. g3 Qa5 13. Bg2 0-0-0 14. 0-0 Nc5 15. Be3 Nd3 16. Qc2 b4 17. Ne4 Ba6 18. Rfd1 Qb5 19. b3 Kb7 20. Nd2 c3 21. Nc4 Nb2 22. Nxb2 cxb2 23. Qxb2 Qh5 24. h3 Be2 25. g4 Bxg4 26. hxg4 Qxg4 1-0

[Event "Pavlodar op"]
[Site "Pavlodar"]
[Date "2007.12.17"]
[Round "2"]
[White "Nikitin, Yuri"]
[Black "Ospanov, Nazar"]
[Result "0-1"]
[WhiteElo "2321"]
[BlackElo "2130"]
[PlyCount "62"]
[EventDate "2007.12.16"]
[EventType "swiss"]
[EventRounds "11"]
[EventCountry "KAZ"]
[SourceTitle "CBM 122 Extra"]
[Source "ChessBase"]
[SourceDate "2008.03.04"]
[SourceVersion "1"]
[SourceVersionDate "2008.03.04"]
[SourceQuality "1"]

1. d4 d5 2. c4 c6 3. Nf3 Nf6 4. Nc3 e6 5. cxd5 exd5 6. Bg5 h6 7. Bh4 Bf5 8. Qb3 b6 9. e3 Be7 10. Be2 Nbd7 11. 0-0 0-0 12. Rac1 Re8 13. Rfd1 b5 14. Bg3 a5 15. a4 b4 16. Nb1 Qb6 17. Bd3 Bg4 18. Qc2 c5 19. dxc5 Nxc5 20. Bb5 Red8 21. h3 Bxf3 22. gxf3 Qe6 23. Bf1 Rac8 24. Qe2 Nh5 25. Bh2 Nxa4 26. Bc7 Re8 27. Bxa5 Rxc1 28. Rxc1 Bd6 29. Qb5 Nxb2 30. Rc6 Qg6+ 31. Kh1 Nd1 0-1

[Event "Wch U14"]
[Site "Kemer"]
[Date "2007.11.28"]
[Round "11"]
[White "Prasanna Raghuram, Rao"]
[Black "Ospanov, Nazar"]
[Result "1-0"]
[WhiteElo "2228"]
[BlackElo "2130"]
[PlyCount "69"]
[EventDate "2007.11.18"]
[EventType "swiss"]
[EventRounds "11"]
[EventCountry "TUR"]
[SourceTitle "CBM 121 Extra"]
[Source "ChessBase"]
[SourceDate "2008.01.10"]
[SourceVersion "1"]
[SourceVersionDate "2008.01.10"]
[SourceQuality "1"]

1. e4 c5 2. Nf3 e6 3. d4 cxd4 4. Nxd4 Nc6 5. Nc3 a6 6. Be2 Nge7 7. Be3 Nxd4 8. Bxd4 Nc6 9. Be3 Be7 10. 0-0 0-0 11. Na4 b5 12. Nb6 Rb8 13. Nxc8 Qxc8 14. f4 d5 15. exd5 Rd8 16. c3 Rxd5 17. Qe1 Na5 18. Bf3 Rd7 19. Qf2 Nc4 20. Bd4 b4 21. Kh1 bxc3 22. Bxc3 Bc5 23. Qe2 Ba7 24. Rad1 Rxd1 25. Rxd1 h6 26. Be4 a5 27. Rd3 f5 28. Bf3 Bc5 29. b3 Ne3 30. Rxe3 Bxe3 31. Qxe3 a4 32. Qe5 Rb7 33. Bxb7 Qxb7 34. Qxe6+ Kh8 35. Qxh6+ 1-0

[Event "Wch U14"]
[Site "Kemer"]
[Date "2007.11.27"]
[Round "10"]
[White "Ospanov, Nazar"]
[Black "Halvax, Georg"]
[Result "1-0"]
[WhiteElo "2130"]
[BlackElo "2059"]
[PlyCount "41"]
[EventDate "2007.11.18"]
[EventType "swiss"]
[EventRounds "11"]
[EventCountry "TUR"]
[SourceTitle "CBM 121 Extra"]
[Source "ChessBase"]
[SourceDate "2008.01.10"]
[SourceVersion "1"]
[SourceVersionDate "2008.01.10"]
[SourceQuality "1"]

1. e4 c5 2. Nf3 Nc6 3. Nc3 Nf6 4. Bc4 g6 5. d4 cxd4 6. Nxd4 Bg7 7. Nxc6 bxc6 8. e5 Ng8 9. Qf3 f6 10. 0-0 Qa5 11. Re1 Ba6 12. Bxg8 Rxg8 13. exf6 Bxf6 14. Qxf6 0-0-0 15. Qxe7 Rde8 16. Qxe8+ Rxe8 17. Rxe8+ Kb7 18. Bf4 Bc4 19. Rb8+ Ka6 20. b4 Qf5 21. Na4 1-0

[Event "Wch U14"]
[Site "Kemer"]
[Date "2007.11.22"]
[Round "6"]
[White "Ospanov, Nazar"]
[Black "Pascua, Haridas"]
[Result "0-1"]
[WhiteElo "2130"]
[BlackElo "2177"]
[PlyCount "92"]
[EventDate "2007.11.18"]
[EventType "swiss"]
[EventRounds "11"]
[EventCountry "TUR"]
[SourceTitle "CBM 121 Extra"]
[Source "ChessBase"]
[SourceDate "2008.01.10"]
[SourceVersion "1"]
[SourceVersionDate "2008.01.10"]
[SourceQuality "1"]

1. e4 c5 2. Nf3 Nc6 3. d4 cxd4 4. Nxd4 Nf6 5. Nc3 e5 6. Ndb5 d6 7. a4 a6 8. Na3 Be6 9. Bc4 Be7 10. Be3 0-0 11. 0-0 Rc8 12. Bd5 Nd7 13. Qd2 Qc7 14. f3 Rfd8 15. Rfd1 Bf8 16. Qf2 Nb4 17. Rd2 Nxd5 18. Nxd5 Bxd5 19. Rxd5 Qc6 20. b3 Nf6 21. c4 Nxd5 22. exd5 Qd7 23. Qc2 f5 24. Nb1 Re8 25. Nd2 Qf7 26. Re1 f4 27. Bb6 Qxd5 28. Qxh7+ Kxh7 29. cxd5 Rc2 30. Nc4 Rc3 31. Rb1 Rd3 32. Kf2 Rxd5 33. Ke2 Kg6 34. Bg1 e4 35. fxe4 Rxe4+ 36. Kf3 Re8 37. Rb2 b5 38. axb5 axb5 39. Nb6 Rd3+ 40. Kg4 Re4 41. Bf2 Be7 42. Nc8 Bf6 43. Rc2 f3+ 44. Kh3 Rh4+ 45. Kg3 Kg5 46. gxf3 Rg4+ 0-1